India retail (Record no. 116070)

MARC details
000 -LEADER
fixed length control field 01346cam a22002535a 4500
001 - CONTROL NUMBER
control field L159641
008 - FIXED-LENGTH DATA ELEMENTS--GENERAL INFORMATION
fixed length control field 151103s2017 xxk f 000 0 eng d
035 ## - SYSTEM CONTROL NUMBER
System control number (Sirsi) u159641
041 0# - LANGUAGE CODE
Language code of text/sound track or separate title eng
110 2# - MAIN ENTRY--CORPORATE NAME
Corporate name or jurisdiction name as entry element Jones Lang LaSalle
9 (RLIN) 3755
245 00 - TITLE STATEMENT
Title India retail
Remainder of title Change is the new constant
Medium [electronic resource]
260 ## - PUBLICATION, DISTRIBUTION, ETC.
Place of publication, distribution, etc. [S.l.]
Name of publisher, distributor, etc. JLL
Date of publication, distribution, etc. 2017
505 2# - FORMATTED CONTENTS NOTE
Formatted contents note Retail sector overview, trends & approaches -- Retail practices -- Technology in retail-- Acts & policies-impact on retail
520 ## - SUMMARY, ETC.
Summary, etc. The retail world is undergoing a fast paced revolution. One which is being driven by consumers and fuelled by tech advancements. The pace of this revolution is remarkable with no sign of slowing down, provided all stakeholders embrace this change simultaneously. With shopping centres taking steps to merge online experiences with offline ones, the future of retail is becoming increasingly exciting for both retailers and consumers.
650 24 - SUBJECT ADDED ENTRY--TOPICAL TERM
Topical term or geographic name entry element MARKETING STRATEGY
650 24 - SUBJECT ADDED ENTRY--TOPICAL TERM
Topical term or geographic name entry element RETAIL MARKETS
651 #4 - SUBJECT ADDED ENTRY--GEOGRAPHIC NAME
Geographic name India
690 ## - LOCAL SUBJECT ADDED ENTRY--TOPICAL TERM (OCLC, RLIN)
Topical term or geographic name as entry element RETAIL PROPERTY
690 ## - LOCAL SUBJECT ADDED ENTRY--TOPICAL TERM (OCLC, RLIN)
Topical term or geographic name as entry element Commercial property
9 (RLIN) 6227
690 ## - LOCAL SUBJECT ADDED ENTRY--TOPICAL TERM (OCLC, RLIN)
Topical term or geographic name as entry element Investments
9 (RLIN) 6250
710 1# - ADDED ENTRY--CORPORATE NAME
Corporate name or jurisdiction name as entry element Confederation of Indian Industry
856 40 - ELECTRONIC LOCATION AND ACCESS
Uniform Resource Identifier <a href="https://www.jll.co.in/india/en-gb/research/316/india_retail_change_is_the_new_constant">https://www.jll.co.in/india/en-gb/research/316/india_retail_change_is_the_new_constant</a>
Public note View the item free of charge from the www.jll.co.in
942 ## - ADDED ENTRY ELEMENTS (KOHA)
Suppress in OPAC 0
Holdings
Withdrawn status Lost status Source of classification or shelving scheme Damaged status Not for loan Home library Current library Shelving location Date acquired Total Checkouts Full call number Barcode Date last seen Copy number Price effective from Koha item type
    Dewey Decimal Classification     Virtual Virtual Online 01/12/2017   ONLINE PUBLICATION 159641-2001 06/08/2019 1 06/08/2019 Book